000 00602nam a2200205 4500
003 OSt
005 20240626054733.0
006 a
008 240626b |||||||| |||| 00| 0 eng d
020 _a9789712721599
040 _aDWCL-Main lib.
_cOC
082 _aFil. 006.7 Ab117w 2009
100 _aAbante, Marmelo V.
245 _aWeb application programming language: presentations made easy /
260 _aPasig City :
_bAnvil Pub., Inc.,
_cc2009.
300 _av,
_b119 p. : ill. ;
_c22 cm.
650 _a1. Web development.
650 _a2. Web programming.
942 _2ddc
_n0
_cBK - FIL
_kFil.
999 _c1391
_d1391